-
KOHLI, D.P.S AND SHAH, D.H
Entry Personal Name
Number of records used in: 1
001 - CONTROL NUMBER
003 - CONTROL NUMBER IDENTIFIER
005 - DATE AND TIME OF LATEST TRANSACTION
- control field:
20240831140406.0
008 - FIXED-LENGTH DATA ELEMENTS
- fixed length control field:
240831|| aca||aabn | a|a d
040 ## - CATALOGING SOURCE
- Original cataloging agency:
JRU
- Transcribing agency:
JRU
100 ## - HEADING--PERSONAL NAME
- Personal name:
KOHLI, D.P.S AND SHAH, D.H
670 ## - SOURCE DATA FOUND
- Source citation:
Work cat.: (JRU)8609: KOHLI, D.P.S AND SHAH, D.H , DRUG FORMULATIONS MANUAL , 2011